[Event "40th Asia-ch U20"]
[Site "Ulaanbaatar MGL"]
[Date "2018.08.23"]
[Round "6"]
[White "Ochirbat, Lkhagvajamts"]
[Black "Amilal, Munkhdalai"]
[Result "0-1"]
[WhiteElo "2007"]
[BlackElo "1790"]
[EventDate "2018.08.19"]
[PlyCount "0"]

1.d4 Nf6 2.Bg5 d5 3.Nc3 e6 4.e3 c5 5.Bb5+ Bd7 6.Bxd7+ Nbxd7 7.Nge2 Be7 8.
O-O O-O 9.h3 a6 10.Bf4 b5 11.dxc5 Bxc5 12.Bh2 Rc8 13.Nb1 Ne4 14.Nd2 Nxd2 
15.Qxd2 Qb6 16.c3 Be7 17.e4 Nf6 18.exd5 Nxd5 19.Nd4 Bf6 20.Rfd1 Rfd8 21.
Qe2 b4 22.c4 Bxd4 23.cxd5 Rxd5 24.Rac1 Rxc1 25.Rxc1 Rc5 26.Rc2 Rxc2 27.
Qxc2 g6 28.b3 Qc5 29.Qxc5 Bxc5 30.Kf1 Kf8 31.Ke2 Ke7 32.f3 Kd7 33.Kd3 Kc6 
34.Kc4 a5 35.Bf4 f5 36.Be5 Be7 37.g3 Bd6 38.Bd4 Kd7 39.f4 Be5 40.Kc5 Ke7 
41.h4 h6 42.Kc4 Kd6 43.Kd3 Bxd4 44.Kxd4 0-1

[Event "40th Asia-ch U20"]
[Site "Ulaanbaatar MGL"]
[Date "2018.08.23"]
[Round "6"]
[White "Erdemdalai, Yondonjamts"]
[Black "Chinguun, Bayaraa"]
[Result "0-1"]
[WhiteElo "1788"]
[BlackElo "1941"]
[EventDate "2018.08.19"]
[PlyCount "0"]

1.e4 c5 2.Nf3 d6 3.d4 cxd4 4.Nxd4 Nf6 5.Nc3 a6 6.Be3 e5 7.Nb3 Be7 8.f3 Be6
9.Qd2 Nbd7 10.g4 b5 11.O-O-O O-O 12.g5 b4 13.gxf6 bxc3 14.Qxc3 Nxf6 15.Na5
Rc8 16.Nc6 Qc7 17.Nxe7+ Qxe7 18.Qa5 Rc6 19.Kb1 Qb7 20.b3 Rfc8 21.Rd2 Ne8 
22.Rg1 Nc7 23.Ka1 Ne8 24.c4 Qe7 25.Rdg2 g6 26.Bd3 Ng7 27.Bg5 f6 28.Bh6 Qf7
29.h4 Nh5 30.Qd2 a5 31.Qxa5 Rc5 32.Qc3 Nf4 33.Bxf4 exf4 34.Qd2 f5 35.h5 
fxe4 36.Bxe4 Rxh5 37.Qxd6 Qf6+ 38.Kb1 Rd8 39.Qb6 Kh8 40.c5 Rc8 41.Rc1 Qe5 
42.Rgc2 Rb8 43.Qa7 Bxb3 44.axb3 Rxb3+ 45.Ka2 Qe6 46.Ka1 Qe5+ 47.Ka2 Qe6 
48.Rc4 Rb4 49.Bd3 Rh2+ 50.Ka1 Qe5+ 51.R4c3 Qd4 52.Qa8+ Kg7 53.Qa7+ Kh6 54.
Qa4 Rxa4+ 0-1

[Event "40th Asia-ch U20"]
[Site "Ulaanbaatar MGL"]
[Date "2018.08.23"]
[Round "6"]
[White "Khuslen, Altan-Ochir"]
[Black "Anand, Batsukh"]
[Result "1/2-1/2"]
[WhiteElo "1780"]
[BlackElo "1682"]
[EventDate "2018.08.19"]
[PlyCount "0"]

1.e4 c5 2.Nf3 e6 3.g3 Nc6 4.Bg2 d5 5.exd5 exd5 6.O-O Nf6 7.d4 cxd4 8.Nxd4 
Be7 9.Nc3 O-O 10.Bg5 h6 11.Bxf6 Bxf6 12.Nde2 d4 13.Nd5 Bg4 14.h3 Bh5 15.
Qd2 Re8 16.Rfe1 Rc8 17.Nef4 Bg5 18.Rxe8+ Qxe8 19.Re1 Qf8 20.Qd3 Nb4 21.
Nxb4 Bxf4 22.Qxd4 Bd6 23.c3 Bxb4 24.cxb4 b6 25.Qd7 Rd8 26.Qb5 Bg6 27.a3 
Kh7 28.h4 Qd6 29.h5 Bd3 30.Qxd3+ Qxd3 31.Be4+ Qxe4 32.Rxe4 Rd7 33.Kg2 f6 
34.g4 Kg8 35.Kf3 Kf7 36.Ke3 Kf8 37.Rd4 Rc7 38.Kd3 Ke7 39.Rc4 Rd7+ 40.Rd4 
Rc7 41.Rc4 Rd7+ 42.Rd4 Rc7 43.f3 Ke6 44.Re4+ Kd6 45.Rd4+ Ke6 46.Re4+ Kd6 
47.Rd4+ 1/2-1/2

[Event "40th Asia-ch U20"]
[Site "Ulaanbaatar MGL"]
[Date "2018.08.23"]
[Round "6"]
[White "Ulziikhishig, Khishigbat"]
[Black "Krishna Teja, N"]
[Result "0-1"]
[WhiteElo "1517"]
[BlackElo "2389"]
[EventDate "2018.08.19"]
[PlyCount "0"]

1.d4 Nf6 2.c4 e6 3.Nc3 Bb4 4.Qc2 O-O 5.Bg5 h6 6.Bh4 d5 7.e3 b6 8.cxd5 exd5
9.Nf3 Bb7 10.Bd3 Be7 11.O-O c5 12.Ne5 c4 13.Be2 a6 14.a4 Nc6 15.b3 Nb4 16.
Qb2 cxb3 17.Qxb3 a5 18.Nb5 Nd7 19.Nxd7 Qxd7 20.Bg3 Rfc8 21.Rac1 Bc6 22.h3 
Bxb5 23.Bxb5 Qe6 24.Qb2 Bd6 25.Bxd6 Qxd6 26.Rxc8+ Rxc8 27.Rc1 Qd8 28.Rc3 
Rc7 29.Kf1 Qc8 30.Rxc7 Qxc7 31.Ke2 Qh2 32.Kf3 Qc7 33.Ke2 g5 34.Qb1 Qc8 35.
Kd2 Kg7 36.Qc1 Qb8 37.g3 Kf6 38.Qb1 Qc8 39.Bf1 Qf5 40.Qxf5+ Kxf5 41.Bb5 
Ke6 42.g4 f5 43.gxf5+ Kxf5 44.f3 h5 45.Be8 h4 46.Bb5 Kf6 47.e4 Ke6 48.e5 
Ke7 49.Bd3 Ke6 50.Bc2 Ke7 51.Bb3 Ke6 52.Ke2 Na6 53.Ke3 Nc7 54.f4 gxf4+ 55.
Kxf4 b5 56.Kg4 bxa4 57.Bxa4 Na8 58.Kxh4 Nb6 59.Bb3 a4 60.Ba2 Nc4 61.Kg5 
Nd2 62.h4 Nf3+ 63.Kf4 Nxd4 64.h5 Nc6 65.h6 Nxe5 66.h7 Nf7 67.Kg4 Nh8 68.
Kg5 Kd6 69.Kf6 d4 70.Kg7 Ke7 0-1

[Event "40th Asia-ch U20"]
[Site "Ulaanbaatar MGL"]
[Date "2018.08.23"]
[Round "7"]
[White "Agibileg, Uurtsaikh"]
[Black "Yakubboev, Nodirbek"]
[Result "1-0"]
[WhiteElo "2302"]
[BlackElo "2512"]
[EventDate "2018.08.19"]
[PlyCount "0"]

1.d4 Nf6 2.c4 e6 3.Nc3 Bb4 4.a3 Bxc3+ 5.bxc3 c5 6.e3 Nc6 7.Bd3 d6 8.Ne2 e5
9.e4 O-O 10.O-O h6 11.Rb1 b6 12.f4 cxd4 13.cxd4 Bg4 14.fxe5 dxe5 15.d5 Nd4
16.Bb2 Bxe2 17.Bxe2 Nxe4 18.Bxd4 exd4 19.Qxd4 Qe7 20.a4 Nd6 21.Bd3 Qc7 22.
a5 Qc5 23.Rf4 Qxa5 24.Rg4 f6 25.Qf4 Qc5+ 26.Kh1 g5 27.h4 Kf7 28.Qf3 Ke7 
29.Re4+ Kd7 30.Rb5 Nxe4 31.Rxc5 Nxc5 32.Bf5+ Kc7 33.Qg3+ Kb7 34.Qd6 a5 35.
Bd7 a4 36.Bc6+ Ka6 37.Qe7 Ka5 38.Qe1+ Ka6 39.Bb5+ Ka7 40.Qe7+ Nb7 41.Bxa4 
b5 42.Bxb5 Kb6 43.Qe6+ Ka5 44.Bc6 Rab8 45.Qe1+ Ka6 46.Qb4 Rfc8 47.Qb5+ Ka7
48.c5 1-0

[Event "40th Asia-ch U20"]
[Site "Ulaanbaatar MGL"]
[Date "2018.08.23"]
[Round "7"]
[White "Batsuren, Dambasuren"]
[Black "Priasmoro, Novendra"]
[Result "0-1"]
[WhiteElo "2446"]
[BlackElo "2485"]
[EventDate "2018.08.19"]
[PlyCount "0"]

1.d4 Nf6 2.c4 g6 3.Nc3 Bg7 4.Nf3 O-O 5.g3 d6 6.Bg2 Nc6 7.O-O e5 8.d5 Nb8 
9.e4 a5 10.Bg5 Na6 11.Ne1 Nc5 12.Nd3 b6 13.h3 h6 14.Be3 Nfd7 15.Qd2 Nxd3 
16.Qxd3 Nc5 17.Qd2 Kh7 18.Rae1 f5 19.f4 exf4 20.Rxf4 fxe4 21.Rh4 h5 22.
Nxe4 Nxe4 23.Bxe4 Bf5 24.Bg5 Qd7 25.Bg2 Rae8 26.g4 Rxe1+ 27.Qxe1 Bd3 28.
Qe3 Qe8 29.gxh5 Qxe3+ 30.Bxe3 Bxb2 31.hxg6+ Kxg6 32.Be4+ Bxe4 33.Rxe4 Be5 
34.a4 Rf3 35.Bf2 Rxh3 36.Re3 Rxe3 37.Bxe3 Kf5 38.Kf2 Ke4 39.Ke2 Bc3 40.Bg5
Kd4 41.Bd8 Bb4 42.Bxc7 Bc5 43.Kf3 Kxc4 44.Ke4 Kb4 45.Kf5 b5 46.axb5 Kxb5 
47.Ke6 a4 48.Bxd6 Bxd6 49.Kxd6 a3 50.Kc7 a2 51.d6 a1=Q 52.d7 Qa5+ 53.Kc8 
Qa8+ 54.Kc7 Qa7+ 55.Kd6 Qc5+ 56.Ke6 Qg5 0-1

[Event "40th Asia-ch U20"]
[Site "Ulaanbaatar MGL"]
[Date "2018.08.23"]
[Round "7"]
[White "Baasansuren, Erdene"]
[Black "Gan-Erdene, Sugar"]
[Result "0-1"]
[WhiteElo "2240"]
[BlackElo "2309"]
[EventDate "2018.08.19"]
[PlyCount "0"]

1.d4 Nf6 2.c4 g6 3.Nc3 Bg7 4.Nf3 O-O 5.g3 d6 6.Bg2 Nc6 7.O-O Bf5 8.d5 Na5 
9.Nd2 c5 10.e4 Bd7 11.Rb1 a6 12.Qc2 b5 13.b3 Rb8 14.Bb2 e6 15.dxe6 Bxe6 
16.Nd5 Nc6 17.Rbd1 Bg4 18.f3 Bd7 19.f4 Nd4 20.Bxd4 cxd4 21.h3 Nxd5 22.exd5
Bf5 23.Ne4 bxc4 24.bxc4 Qa5 25.Kh2 Bxe4 26.Bxe4 d3 27.Qxd3 Rb2+ 28.Kg1 
Qc5+ 29.Kh1 Rxa2 30.Rb1 Rc8 31.f5 Ra3 32.Rb3 Rxb3 33.Qxb3 Qxc4 34.Qf3 a5 
35.h4 Qc3 36.Qg4 Rc4 37.fxg6 hxg6 38.h5 Qe3 39.Rf4 Rc1+ 40.Kg2 Qg1+ 41.Kh3
Rc2 42.Qg5 Rh2+ 43.Kg4 f5+ 44.Rxf5 gxf5+ 45.Qxf5 Qd1+ 46.Bf3 Qd4+ 47.Be4 
Qe5 48.Qc8+ Bf8 49.Bf5 Qe2+ 50.Kf4 Rf2+ 51.Kg5 Qe5 0-1

[Event "40th Asia-ch U20"]
[Site "Ulaanbaatar MGL"]
[Date "2018.08.23"]
[Round "7"]
[White "Amartuvshin, Ganzorig"]
[Black "Taivanbat, Chimeddorj"]
[Result "1/2-1/2"]
[WhiteElo "2236"]
[BlackElo "1691"]
[EventDate "2018.08.19"]
[PlyCount "0"]

1.d4 d5 2.c4 e6 3.Nc3 Nf6 4.cxd5 exd5 5.Bg5 Be7 6.e3 c6 7.Qc2 Bg4 8.Bd3 
Nbd7 9.Nge2 Bh5 10.Nf4 Bg6 11.Nxg6 hxg6 12.O-O-O Qc7 13.Kb1 O-O-O 14.Bf4 
Bd6 15.Nb5 cxb5 16.Bxd6 Qxc2+ 17.Bxc2 Nb6 18.Bg3 Ne4 19.Bxe4 dxe4 20.Rc1+ 
Kd7 21.Rc7+ Ke6 22.Rxb7 Rd7 23.Rxd7 Kxd7 24.d5 Nxd5 25.Rd1 Ke6 26.Rc1 Rd8 
27.Rc5 Nb4 28.Re5+ Kf6 29.Bh4+ Kxe5 30.Bxd8 Nd3 31.Bh4 Kd5 32.b3 f5 33.Kc2
a6 34.f4 Nb4+ 35.Kb2 Ke6 36.a3 Nd5 37.Bf2 a5 38.a4 bxa4 39.bxa4 Nb6 40.Kb3
Kd5 41.h3 Nd7 42.Be1 Nc5+ 43.Ka3 Nb7 44.Kb3 Nc5+ 45.Ka3 Nb7 46.Kb2 Nc5 47.
Bxa5 Nxa4+ 48.Kb3 Nc5+ 49.Kb4 Ne6 50.g4 fxg4 51.hxg4 g5 52.f5 Nc5 53.Kc3 
Nd3 54.Kd2 Ne5 55.Bc3 Nxg4 56.Bxg7 Ne5 57.Ke2 Nf7 58.Kf2 Nd6 59.f6 Ke6 60.
Kg3 Kf7 61.Kg4 Kg6 62.Bf8 Nf5 63.Bc5 Nh6+ 64.Kg3 Kxf6 65.Bd4+ Kf5 66.Bb6 
Ng8 67.Bc5 Nf6 68.Ba7 Nd7 69.Bd4 Ne5 70.Ba7 Ke6 71.Bd4 Kd5 72.Ba7 Kc4 73.
Bd4 Nc6 74.Bf6 1/2-1/2

[Event "40th Asia-ch U20"]
[Site "Ulaanbaatar MGL"]
[Date "2018.08.23"]
[Round "7"]
[White "Tengis, Tsog-Ochir"]
[Black "Garidmagnai, Byambasuren"]
[Result "0-1"]
[WhiteElo "2186"]
[BlackElo "2128"]
[EventDate "2018.08.19"]
[PlyCount "0"]

1.d4 Nf6 2.g3 g6 3.Bg2 Bg7 4.e4 d6 5.Nc3 O-O 6.f4 e5 7.dxe5 dxe5 8.Qxd8 
Rxd8 9.fxe5 Ng4 10.Bg5 Re8 11.Nd5 Na6 12.Nf3 h6 13.Be7 Kh8 14.O-O-O Be6 
15.Bf6 Nf2 16.Nd4 Nxh1 17.Bxh1 c6 18.Ne7 Bg4 19.Rd2 Bh3 20.Ne2 Kh7 21.Nf4 
Bg4 22.h3 Bc8 23.Nxc8 Raxc8 24.Rd7 Rc7 25.Rd4 Nc5 26.Bf3 Bxf6 27.exf6 Nd7 
28.Nd3 Nxf6 29.e5 Nd7 30.Re4 f6 31.e6 Nf8 32.Nc5 Kg7 33.Ra4 Nxe6 34.Nd3 a6
35.h4 f5 36.g4 Kf6 37.Bd1 Rd8 38.h5 Rd4 39.Ra5 fxg4 40.hxg6 c5 41.Be2 Nf4 
0-1

[Event "40th Asia-ch U20"]
[Site "Ulaanbaatar MGL"]
[Date "2018.08.23"]
[Round "7"]
[White "Chinguun, Otgonbayar"]
[Black "Tugstumur, Yesuntumur"]
[Result "0-1"]
[WhiteElo "1952"]
[BlackElo "2361"]
[EventDate "2018.08.19"]
[PlyCount "0"]

1.d4 Nf6 2.c4 g6 3.Nc3 Bg7 4.e4 d6 5.Nge2 c5 6.d5 b5 7.cxb5 a6 8.Ng3 h5 9.
bxa6 h4 10.Bb5+ Bd7 11.Bxd7+ Nbxd7 12.Nge2 h3 13.g3 Rxa6 14.O-O Qb6 15.Kh1
Ne5 16.f3 c4 17.Qc2 Nfd7 18.Nd1 O-O 19.Be3 Nc5 20.a3 Qb3 21.Qxb3 Nxb3 22.
Rb1 f5 23.Ndc3 fxe4 24.fxe4 Rxf1+ 25.Rxf1 Nd3 26.Rb1 Ra8 27.Nf4 Nxf4 28.
gxf4 Bxc3 29.bxc3 Rxa3 30.Rg1 Kf7 31.Rg3 Ra1+ 32.Rg1 Ra2 33.Rg3 Rc2 34.Bg1
Nc1 35.Rxh3 Ne2 36.Re3 Nxc3 37.h4 Nd1 38.Rf3 Re2 39.e5 c3 40.e6+ Kf6 41.
Bd4+ Kf5 42.Bxc3 Re3 43.Rxe3 Nxe3 44.Bd2 Nxd5 0-1

[Event "40th Asia-ch U20"]
[Site "Ulaanbaatar MGL"]
[Date "2018.08.23"]
[Round "7"]
[White "Suleymenov, Alisher"]
[Black "Chinguun, Bayaraa"]
[Result "1-0"]
[WhiteElo "2343"]
[BlackElo "1941"]
[EventDate "2018.08.19"]
[PlyCount "0"]

1.d4 Nf6 2.c4 g6 3.Nf3 Bg7 4.e3 O-O 5.Be2 d5 6.cxd5 Nxd5 7.e4 Nb6 8.O-O 
Bg4 9.Nbd2 N8d7 10.h3 Bxf3 11.Nxf3 c5 12.d5 Qc7 13.Qc2 Ne5 14.Nxe5 Bxe5 
15.Be3 c4 16.f4 Bd6 17.Kh1 Bc5 18.Bd2 Bd4 19.Rad1 Rad8 20.Bf3 f5 21.exf5 
Rxf5 22.Be4 Rff8 23.f5 Qe5 24.Bh6 Rf7 25.Bf4 Qg7 26.fxg6 hxg6 27.Bxg6 Rf6 
28.Rxd4 Qxg6 29.Qe2 Rxd5 30.Re4 e6 31.Rf3 Kf7 32.Kh2 Rdf5 33.Rg3 Qh7 34.
Be5 Rg6 35.Rxg6 Qxg6 36.Rg4 Rg5 37.Rh4 Nd5 38.Bd6 Ne7 39.Rxc4 Nd5 40.Rc8 
Ne3 41.Qf3+ 1-0

[Event "40th Asia-ch U20"]
[Site "Ulaanbaatar MGL"]
[Date "2018.08.23"]
[Round "7"]
[White "Amilal, Munkhdalai"]
[Black "Itgelt, Khuyagtsogt"]
[Result "1/2-1/2"]
[WhiteElo "1790"]
[BlackElo "2119"]
[EventDate "2018.08.19"]
[PlyCount "0"]

1.d4 e6 2.Nf3 f5 3.Bf4 Nf6 4.e3 b6 5.c4 Bb7 6.Nc3 Bb4 7.Rc1 Ne4 8.Qb3 
Bxc3+ 9.bxc3 O-O 10.Bd3 Nc6 11.O-O Na5 12.Qb5 d6 13.Rfd1 Qe7 14.h3 Bc6 15.
Qb4 h6 16.Bxe4 Bxe4 17.Nd2 c5 18.Qa4 Bc6 19.Qc2 e5 20.Bh2 Qg5 21.d5 Bb7 
22.Qa4 Qe7 23.Nb3 Qe8 24.Qb5 Qxb5 25.cxb5 Nxb3 26.axb3 a6 27.bxa6 Rxa6 28.
Ra1 Rfa8 29.Rxa6 Rxa6 30.Bg3 Ra2 31.c4 Ba6 32.Bxe5 dxe5 33.d6 Bc8 34.d7 
Bxd7 35.Rxd7 Rb2 36.Rd5 Rxb3 37.Rxe5 Rb4 38.Re6 Kf7 39.Rc6 h5 40.g3 g5 41.
Kg2 g4 42.h4 Kg7 43.Rd6 Kf7 44.Rh6 Rxc4 45.Rxb6 Rb4 46.Rh6 Rb8 47.Rc6 Rb5 
48.Rh6 c4 49.Rc6 Rb4 50.Rh6 c3 51.Rc6 Rb3 52.Kf1 Ke7 53.Ke2 Rb2+ 54.Kd3 
Rxf2 55.Kxc3 Rf3 56.Kd4 Rxg3 57.Rh6 Rh3 58.Rxh5 Rf3 59.e4 fxe4 60.Kxe4 
1/2-1/2

[Event "40th Asia-ch U20"]
[Site "Ulaanbaatar MGL"]
[Date "2018.08.23"]
[Round "7"]
[White "Batbold, Nyamsuren"]
[Black "Bulgankhan, Ganzorig"]
[Result "1/2-1/2"]
[WhiteElo "1759"]
[BlackElo "2103"]
[EventDate "2018.08.19"]
[PlyCount "0"]

1.d4 e6 2.Nf3 f5 3.g3 Nf6 4.Bg2 d5 5.O-O Bd6 6.c4 c6 7.Qc2 O-O 8.Nc3 a6 9.
a4 Nbd7 10.cxd5 cxd5 11.Rb1 Qe7 12.Bd2 Ne4 13.Ne1 Ndf6 14.f3 Nxd2 15.Qxd2 
Bd7 16.Nd3 b5 17.axb5 axb5 18.b4 Rfc8 19.Nc5 e5 20.e3 exd4 21.exd4 f4 22.
Rfe1 Qf7 23.g4 h5 24.g5 Bxc5 25.dxc5 Nh7 26.Qxd5 Bc6 27.Qxf7+ Kxf7 28.h4 
Nf8 29.Ne4 Rc7 30.Nd6+ Kg8 31.Nf5 Ng6 32.Rbd1 Kh7 33.Rd6 Bd7 34.Nd4 Ra2 
35.Bf1 Nxh4 36.Bd3+ Kg8 37.Re7 Rg2+ 38.Kf1 Ra2 39.Rdxd7 Rxd7 40.Rxd7 Ra3 
41.c6 Nxf3 42.Nxf3 Rxd3 43.Ke2 Rc3 44.g6 Kf8 45.c7 h4 46.c8=Q+ Rxc8 47.
Rf7+ Kg8 48.Rxf4 Rc6 49.Rxh4 Rxg6 50.Rh5 Rb6 51.Ke3 Kf7 52.Kf4 Kg6 53.Kg4 
Kf7 54.Re5 Kf6 55.Rc5 Rb7 56.Kf4 Rb6 57.Re5 Kf7 58.Rc5 Ke7 59.Ke4 Kd7 60.
Rg5 g6 61.Rc5 Ke6 62.Rd5 Kf6 63.Kf4 Ke6 64.Ke4 Rb7 65.Rg5 Kf6 66.Kf4 Rb8 
67.Re5 Rb6 68.Rg5 Kf7 69.Re5 Rf6+ 70.Kg5 Rb6 71.Rc5 Ke7 72.Re5+ Kd6 73.Rc5
Kd7 74.Rd5+ Kc8 75.Rc5+ Kb7 76.Kf4 Rf6+ 77.Ke4 Kb6 78.Rg5 Rd6 79.Ke5 Kc6 
80.Ke4 Rf6 81.Rc5+ Kb6 82.Rg5 Rc6 83.Kd5 Rf6 84.Ke5 Rc6 85.Kd5 Kc7 86.Kd4 
Rb6 87.Rg1 Kb7 88.Rc1 Kb8 89.Rf1 Rd6+ 90.Kc5 Rd5+ 91.Kc6 Rf5 1/2-1/2

[Event "40th Asia-ch U20"]
[Site "Ulaanbaatar MGL"]
[Date "2018.08.23"]
[Round "7"]
[White "Tenuunbold, Battulga"]
[Black "Krishna Teja, N"]
[Result "0-1"]
[WhiteElo "1469"]
[BlackElo "2389"]
[EventDate "2018.08.19"]
[PlyCount "0"]

1.d4 d5 2.Nf3 Nf6 3.Bg5 Ne4 4.Bh4 c5 5.c3 Nc6 6.Nbd2 Bf5 7.e3 Qb6 8.Qb3 e6
9.Nxe4 Bxe4 10.Nd2 Bg6 11.Bg3 c4 12.Qxb6 axb6 13.Be2 b5 14.f3 b4 15.Kf2 
Be7 16.h4 bxc3 17.bxc3 Ba3 18.e4 Bb2 19.Rad1 h5 20.exd5 exd5 21.Nb1 Rxa2 
22.Rd2 Kd7 23.f4 Rha8 24.Ke3 Bxc3 25.Nxc3 Re8+ 26.Kf2 Rxd2 27.Re1 Nxd4 28.
f5 Bxf5 29.Bf4 Rc2 30.Rd1 0-1

[Event "40th Asia-ch U20"]
[Site "Ulaanbaatar MGL"]
[Date "2018.08.23"]
[Round "7"]
[White "Chinguun, Sumiya"]
[Black "Khuslen, Altan-Ochir"]
[Result "1-0"]
[WhiteElo "2108"]
[BlackElo "1780"]
[EventDate "2018.08.19"]
[PlyCount "0"]

1.e4 e5 2.Nf3 Nc6 3.Bc4 Bc5 4.c3 Nf6 5.d3 a6 6.Bb3 O-O 7.Nbd2 d6 8.Nf1 Be6
9.Ng3 Ne7 10.Bg5 Ng4 11.O-O h6 12.d4 exd4 13.cxd4 Bb6 14.Bh4 Bxb3 15.axb3 
Qd7 16.h3 g5 17.Nxg5 hxg5 18.Bxg5 f6 19.Bc1 d5 20.exd5 Nxf2 21.Rxf2 Qxd5 
22.Be3 Rad8 23.Qg4+ Kf7 24.Nh5 Bxd4 25.Qg7+ Ke8 26.Bxd4 Qxd4 27.Re1 Rd7 
28.Nxf6+ Rxf6 1-0

[Event "40th Asia-ch U20"]
[Site "Ulaanbaatar MGL"]
[Date "2018.08.23"]
[Round "7"]
[White "Anand, Batsukh"]
[Black "Erkhes, Bayartnar"]
[Result "1-0"]
[WhiteElo "1682"]
[BlackElo "1762"]
[EventDate "2018.08.19"]
[PlyCount "0"]

1.e4 e5 2.Nf3 Nc6 3.Bb5 a6 4.Ba4 Nf6 5.O-O Be7 6.Re1 b5 7.Bb3 O-O 8.c3 d5 
9.exd5 Nxd5 10.Nxe5 Nxe5 11.Rxe5 c6 12.d4 Bd6 13.Re1 Qh4 14.g3 Qh3 15.Qf3 
Bg4 16.Qg2 Qh5 17.Be3 Bh3 18.Bd1 Nxe3 19.fxe3 Qh6 20.Qxc6 Rae8 21.Qf3 Re6 
22.Nd2 Rfe8 23.Bb3 Rf6 24.Qe2 Qg6 25.Nf1 Qg5 26.e4 Bxf1 27.Rxf1 Bxg3 28.
Rxf6 Bf4+ 29.Qg2 Qxf6 30.Rf1 Qh6 31.e5 Rf8 32.Rf3 Kh8 33.Rh3 Qg5 34.Qxg5 
Bxg5 35.Rf3 Bc1 36.e6 Bxb2 37.exf7 g6 38.Kf2 a5 39.Ke2 Kg7 40.Kd3 Rc8 41.
Kc2 Ba3 42.Be6 Rc7 43.c4 Bf8 44.c5 Re7 45.d5 Rc7 46.c6 Bd6 47.Kd3 Kf8 48.
Kd4 a4 49.Rf1 Ra7 50.Rb1 b4 51.Rb2 Ra6 52.Kc4 a3 53.Rxb4 Bxh2 54.Rb7 h5 
55.c7 Bxc7 56.Rxc7 Ra8 57.d6 Rd8 58.d7 1-0

[Event "40th Asia-ch U20"]
[Site "Ulaanbaatar MGL"]
[Date "2018.08.23"]
[Round "7"]
[White "Azhigulov, Nurmat"]
[Black "Ochirbat, Lkhagvajamts"]
[Result "1-0"]
[WhiteElo "1721"]
[BlackElo "2007"]
[EventDate "2018.08.19"]
[PlyCount "0"]

1.g3 Nf6 2.Bg2 d5 3.d4 g6 4.Nf3 Bg7 5.O-O O-O 6.c4 c6 7.cxd5 cxd5 8.Nc3 
Ne4 9.Qb3 Nc6 10.e3 Na5 11.Qd1 Nxc3 12.bxc3 Qc7 13.Ba3 Nc4 14.Qc1 Rd8 15.
Nd2 e6 16.Nxc4 Qxc4 17.Qd2 b6 18.e4 dxe4 19.Bxe4 Rb8 20.Be7 Rd7 21.Bg5 Bb7
22.Bxb7 Rbxb7 23.Qe3 Rbc7 24.Rfc1 Rc8 25.Bf4 Qd5 26.Qe2 Rc4 27.Rc2 Rd8 28.
Re1 Rdc8 29.Bd2 Bxd4 30.Rd1 Qc6 31.Bh6 Bf6 32.Rd3 b5 33.Qd1 Qb6 34.Be3 Qa5
35.Qf3 Be7 36.Rd7 R8c7 37.Rxe7 Rxe7 38.Qf6 Qd8 39.Bh6 Qd1+ 40.Kg2 Qd5+ 41.
f3 1-0

[Event "40th Asia-ch U20"]
[Site "Ulaanbaatar MGL"]
[Date "2018.08.24"]
[Round "8"]
[White "Priasmoro, Novendra"]
[Black "Taivanbat, Chimeddorj"]
[Result "1-0"]
[WhiteElo "2485"]
[BlackElo "1691"]
[EventDate "2018.08.19"]
[PlyCount "0"]

1.e4 c5 2.Nf3 Nc6 3.Bb5 g6 4.O-O Bg7 5.Re1 Nf6 6.Bxc6 bxc6 7.e5 Nd5 8.c4 
Nc7 9.b3 O-O 10.Bb2 Ne6 11.d4 cxd4 12.Nxd4 Nxd4 13.Bxd4 Qa5 14.c5 f6 15.
Qd2 Qxd2 16.Nxd2 fxe5 17.Bxe5 e6 18.Nc4 Rf5 19.Rad1 Bxe5 20.Nxe5 a5 21.Rd4
Rb8 22.g4 Rf6 23.f4 Rb5 24.Rc1 Kf8 25.Kg2 Ke7 26.Kg3 Rf8 27.Rc3 g5 28.fxg5
Rf1 29.Rf4 Re1 30.Rf7+ Ke8 31.Rcf3 Kd8 32.Nd3 Rg1+ 33.Kh4 e5 34.a4 Rxb3 
35.Nxe5 Rb4 36.Rxh7 Re4 37.g6 1-0

[Event "40th Asia-ch U20"]
[Site "Ulaanbaatar MGL"]
[Date "2018.08.24"]
[Round "8"]
[White "Garidmagnai, Byambasuren"]
[Black "Yakubboev, Nodirbek"]
[Result "0-1"]
[WhiteElo "2128"]
[BlackElo "2512"]
[EventDate "2018.08.19"]
[PlyCount "0"]

1.Nf3 f5 2.g3 g6 3.Bg2 Bg7 4.d4 Nf6 5.b3 O-O 6.O-O d6 7.Bb2 c6 8.Nbd2 Nbd7
9.c4 Qc7 10.Qc2 e5 11.c5 e4 12.cxd6 Qxd6 13.Nc4 Qc7 14.Nfe5 Nxe5 15.dxe5 
Nd5 16.Rad1 Be6 17.Qc1 Rad8 18.Bh3 Rfe8 19.Ba3 b5 20.Bd6 Qc8 21.Na5 c5 22.
a3 Qa6 23.b4 c4 24.f3 Bf8 25.fxe4 Qb6+ 26.Kh1 Ne3 27.exf5 gxf5 28.Bg2 Nxf1
29.Rxf1 Rxd6 30.exd6 Qxd6 31.Nb7 Qe5 32.Nc5 Bd5 33.Qg5+ Bg7 34.Bxd5+ Qxd5+
35.e4 Qc6 36.Qxf5 Rf8 37.Qh3 Rxf1+ 38.Qxf1 Qf6 39.Qh3 Qf3+ 40.Qg2 Qxg2+ 
41.Kxg2 c3 0-1

[Event "40th Asia-ch U20"]
[Site "Ulaanbaatar MGL"]
[Date "2018.08.24"]
[Round "8"]
[White "Gan-Erdene, Sugar"]
[Black "Agibileg, Uurtsaikh"]
[Result "1/2-1/2"]
[WhiteElo "2309"]
[BlackElo "2302"]
[EventDate "2018.08.19"]
[PlyCount "0"]

1.e4 c5 2.Nf3 e6 3.d4 cxd4 4.Nxd4 Nc6 5.Nc3 a6 6.Be3 Nf6 7.Be2 d6 8.O-O 
Be7 9.f4 Bd7 10.Qe1 O-O 11.Qg3 Nxd4 12.Bxd4 Bc6 13.Rae1 b5 14.a3 g6 15.Bf3
Nd7 16.Rd1 Bh4 17.Qh3 Bf6 18.Kh1 e5 19.Bf2 Qc7 20.f5 a5 21.fxg6 hxg6 22.
Bg4 Bg7 23.Bxd7 Bxd7 24.Qd3 Qb7 25.Bh4 Bc6 26.Nd5 Bxd5 27.Qxd5 Qxd5 28.
Rxd5 Rfc8 29.Rxb5 Rxc2 30.g4 Re2 31.Rb7 Rc8 32.b4 Rcc2 33.Bg3 axb4 34.axb4
Bh6 35.Rbxf7 Bf4 36.R7xf4 exf4 37.Bxf4 Rxe4 38.Bxd6 Rc6 39.Bc5 Rxg4 40.h3 
Rg5 41.Rg1 Rd5 42.Kh2 Ra6 43.h4 Kh7 44.Kh3 Kh6 45.Kg4 Ra2 46.Rf1 Rg2+ 47.
Kh3 Rc2 48.Kg4 Kg7 49.Bf8+ Kg8 50.Bc5 Rh5 51.Rf4 Rc1 52.Rf8+ Kg7 53.Rf4 
Rh1 54.Bf2 Rd1 55.Bd4+ Kg8 56.Bc5 Rdd5 57.Rf6 Kg7 58.Rd6 Rxd6 59.Bxd6 Kf6 
60.Bc5 Rf5 61.Bd4+ Ke6 62.Be3 Kd5 63.Bg1 Ke4 64.Bc5 Rd5 65.Be7 Rd7 66.Bc5 
Rd5 67.Be7 Ke5 68.Bc5 Rd2 69.h5 Rg2+ 70.Kf3 Rg5 71.hxg6 Rxg6 72.b5 1/2-1/2

[Event "40th Asia-ch U20"]
[Site "Ulaanbaatar MGL"]
[Date "2018.08.24"]
[Round "8"]
[White "Batsuren, Dambasuren"]
[Black "Amartuvshin, Ganzorig"]
[Result "1-0"]
[WhiteElo "2446"]
[BlackElo "2236"]
[EventDate "2018.08.19"]
[PlyCount "0"]

1.d4 Nf6 2.c4 g6 3.Nc3 Bg7 4.Nf3 O-O 5.g3 d6 6.Bg2 Nbd7 7.O-O e5 8.e4 a6 
9.h3 exd4 10.Nxd4 Re8 11.Bg5 h6 12.Be3 Nc5 13.Qc2 Ne6 14.Rad1 Ng5 15.g4 
Qe7 16.f3 Rb8 17.Qd2 Bd7 18.a4 Kh7 19.Rfe1 Rbd8 20.h4 Ne6 21.g5 Nxd4 22.
gxf6 Nxf3+ 23.Bxf3 Qxf6 24.Qf2 Bc6 25.Rd2 Qe7 26.Nd5 Bxd5 27.Rxd5 c6 28.
Rd3 Bf6 29.Red1 Bxh4 30.Qh2 Qf6 31.Qf4 Qxf4 32.Bxf4 Bf6 33.Rxd6 Rxd6 34.
Rxd6 Bxb2 35.Rd7 b5 36.axb5 axb5 37.c5 Be5 38.Bd1 Bxf4 39.Rxf7+ Kh8 40.
Rxf4 Re5 41.Kf2 Rxc5 42.Ke3 Kg7 43.Kd4 Rg5 44.e5 h5 45.Bf3 c5+ 46.Kd5 c4 
47.Kd6 c3 48.e6 c2 49.Rf7+ Kh6 50.Rc7 Rg3 51.Bd5 Re3 52.Rxc2 1-0

[Event "40th Asia-ch U20"]
[Site "Ulaanbaatar MGL"]
[Date "2018.08.24"]
[Round "8"]
[White "Tugstumur, Yesuntumur"]
[Black "Suleymenov, Alisher"]
[Result "0-1"]
[WhiteElo "2361"]
[BlackElo "2343"]
[EventDate "2018.08.19"]
[PlyCount "0"]

1.d4 Nf6 2.c4 c5 3.d5 g6 4.Nc3 Bg7 5.e4 d6 6.Bd3 O-O 7.h3 e6 8.Nf3 Na6 9.
Bg5 h6 10.Be3 Nc7 11.Qd2 Kh7 12.O-O exd5 13.cxd5 b5 14.Rac1 b4 15.Ne2 Re8 
16.Ng3 a5 17.Rfe1 a4 18.Bf4 a3 19.b3 Ba6 20.Bxa6 Rxa6 21.Qd3 Qd7 22.Rcd1 
Qb5 23.Qc2 Nd7 24.h4 Qb8 25.Nd2 Nb5 26.Nc4 Nc3 27.Rd2 Nf6 28.Kf1 Ng4 29.f3
Ne5 30.Bxe5 Bxe5 31.Nxe5 Rxe5 32.Qd3 Qb5 33.Qxb5 Nxb5 34.f4 Re7 35.e5 Kg7 
36.Ne4 Re8 37.exd6 Nxd6 38.Nxc5 Rxe1+ 39.Kxe1 Ra5 40.Nd3 Rb5 41.Ne5 Kf6 
42.Nc6 h5 43.Rd4 Nf5 44.Rd3 Nd6 45.Ke2 Rb7 46.Kf3 Rb5 47.g3 Kg7 48.Ke3 Kf6
49.Kd4 Nf5+ 50.Ke4 Nd6+ 51.Kf3 Kg7 52.Rd2 Kf6 53.Ne5 Rb7 54.Rc2 Rb5 55.Rd2
Ke7 56.Rd4 Kf6 57.Ke2 Kg7 58.Kd2 Kf6 59.Kd1 Nf5 60.Rd3 Rxd5 61.Rxd5 Ne3+ 
62.Ke1 Nxd5 63.Nc6 Kf5 64.Kf2 Ke4 65.Kg2 f6 66.Kf2 Kd3 67.Kf3 Kc2 68.Ke4 
Nc3+ 69.Kd4 Nxa2 70.Kc4 Kb2 71.g4 f5 72.g5 Kb1 73.Kd4 Kc2 74.Kc4 Kb2 75.
Ne5 Nc1 76.Nxg6 a2 77.Ne5 a1=Q 78.g6 Qa6+ 79.Kxb4 Nd3+ 80.Nxd3+ Qxd3 81.
Kc5 Qxb3 82.Kd6 Qb6+ 83.Ke7 Qxg6 84.Kd7 Qf6 85.Kc7 Qe6 86.Kb7 Qd6 87.Ka7 
Qc6 88.Kb8 Qd7 89.Ka8 Kb3 0-1

[Event "40th Asia-ch U20"]
[Site "Ulaanbaatar MGL"]
[Date "2018.08.24"]
[Round "8"]
[White "Tengis, Tsog-Ochir"]
[Black "Baasansuren, Erdene"]
[Result "1-0"]
[WhiteElo "2186"]
[BlackElo "2240"]
[EventDate "2018.08.19"]
[PlyCount "0"]

1.d4 Nf6 2.c4 g6 3.Nc3 Bg7 4.e4 d6 5.f3 O-O 6.Be3 a6 7.Qd2 c6 8.a4 a5 9.
Nge2 Nbd7 10.g4 e5 11.d5 cxd5 12.cxd5 b6 13.Ng3 Nc5 14.Ra3 Ne8 15.h4 f5 
16.gxf5 gxf5 17.Bg5 Qc7 18.h5 f4 19.h6 fxg3 20.Nb5 Qb7 21.hxg7 Rf7 22.Bh6 
Rf6 23.Bg2 Qf7 24.Qg5 Rg6 25.Qh4 Bd7 26.Bg5 Qxg7 27.f4 exf4 28.Bxf4 Rg4 
29.Rxg3 Rxh4 30.Rxh4 Bxb5 31.axb5 Nd3+ 32.Rxd3 Qxg2 33.Rg3+ Qxg3+ 34.Bxg3 
Rc8 35.Bf2 Rc2 36.Bd4 Nc7 37.Rg4+ Kf8 38.Kd1 Rh2 39.Bxb6 Nxb5 40.Kc1 a4 
41.e5 Rh1+ 42.Kc2 Rh2+ 43.Kd3 Rxb2 44.e6 Rb3+ 45.Ke2 a3 46.Bd8 Rb2+ 47.Kd3
Rf2 48.e7+ Kf7 49.Rg8 Rf3+ 50.Ke4 Kxg8 51.e8=Q+ Rf8 52.Qxb5 Rxd8 53.Qa4 
Rf8 54.Qxa3 Rf6 55.Qg3+ Rg6 56.Qh4 Kg7 57.Kf5 Kg8 58.Qe7 Rh6 59.Kg5 Rg6+ 
60.Kh5 Kh8 1-0